000 00773nam a2200193Ii 4500
003 JO-AjNU
008 230605s9999||||xx |||||||||||||| ||und||
040 _aJO-AjNU
_bara
_erda
_cJO-AjNU
041 _aara
050 1 4 _aBF636.H326.1987
100 3 _aالهابط،محمد السيد,
_eauthor
_98139
245 0 0 _aدعائم صحة الفرد النفسية :الامراض النفسية-الامراض العقلية-مشكلات الاطفال وعلاجها-كيف يحافظ الفرد على صحة نفسه
264 3 1 _aالاسكندرية:المكتب الجامعي الحديث ، 1987
300 _a279ص
336 _atext
_btxt
_2rdacontent
337 _aunmediated
_bn
_2rdamedia
338 _avolume
_bnc
_2rdacarrier
650 4 _aصحة عقلية
_98140
999 _aA637
_c4205
_d4205